Kluby piłkarskie Nadrenii-Palatynatu i Saary - nagła śmierć - Statystyki

Ogólne statystyki
  • Ten quiz został rozwiązany 11 razy
  • Średni wynik to 3 z 9
Answers on the Grid
Answers color-coded by a green-red scale on the quiz's grid according to % correct below.
1. FSV Mainz 05
VfL Bochum
1. FC Saarbrücken
SGV Freiberg
SV 07 Elversberg
1. FC Kaiserslautern
FC Rot-Weiß Erfurt
Eintracht Trewir
Arminia Bielefeld
Arminia Ludwigshafen
Energie Cottbus
Wormatia Worms
FC Rot-Weiß Koblenz
Eintracht Brunszwik
FC 08 Homburg
Hamburger SV
 
Statystyki odpowiedzi
Odpowiedź % Poprawnych
1. FC Saarbrücken
71%
1. FSV Mainz 05
57%
1. FC Kaiserslautern
43%
FC Rot-Weiß Koblenz
43%
Eintracht Trewir
29%
SV 07 Elversberg
29%
Wormatia Worms
29%
Arminia Ludwigshafen
14%
FC 08 Homburg
14%
Nie znaleziono quizów pasujących do podanych kryteriów
Rozkład punktacji
Procent ludzi z każdym wynikiem
Percentyl według liczby udzielonych odpowiedzi
Twoja historia wyników
Nie rozwiązałeś tego quizu